Porovnanie výpočtu odpisov dlhodobého hmotného majetku pred a po novelizácii zákona o dani z príjmu účinnej od roku 2012

Hlavné zmeny v zákone o dani z príjmov. Odpisy a zmeny v systéme ich výpočtu. Porovnanie odpisových plánov do konca r. 2011 a od začiatku r. 2012.

Salvato in:
Dettagli Bibliografici
Autore principale: Uhliar, Miroslav, 1981-
Natura: Capitolo di libro
Lingua:slovacco
Soggetti:
Tags: Aggiungi Tag
Nessun Tag, puoi essere il primo ad aggiungerne!!

MARC

LEADER 00000nla a2200000 4500
001 0163296
005 20240502072833.2
041 0 |a slo 
044 |a SK 
245 1 0 |a Porovnanie výpočtu odpisov dlhodobého hmotného majetku pred a po novelizácii zákona o dani z príjmu účinnej od roku 2012  |c Miroslav Uhliar 
520 |a Hlavné zmeny v zákone o dani z príjmov. Odpisy a zmeny v systéme ich výpočtu. Porovnanie odpisových plánov do konca r. 2011 a od začiatku r. 2012. 
610 2 0 |a odpisy daňové 
610 2 0 |a dane z príjmov 
610 2 0 |a majetok dlhodobý 
610 2 0 |a majetok hmotný 
610 2 0 |a legislatíva 
610 2 0 |a novelizácia 
100 1 |a Uhliar, Miroslav, 1981-